| 000 | 01271cam a22003497a 4500 | ||
|---|---|---|---|
| 003 | CHAP | ||
| 005 | 20220329141832.0 | ||
| 008 | 971127d1997 mx r 00110 spa d | ||
| 010 | _a74574 | ||
| 011 | _a75546 | ||
| 035 | _a85110 | ||
| 040 | _cCHAP | ||
| 090 | _aTesis | ||
| 100 | 0 | 0 |
_aPalacios Vidal, José Luis. _984848 |
| 245 | 1 | 0 |
_aEvaluación financiera de un sistema de producción de setas de cazahuate (Pleurotus ostreatus), en Zacualpan de Amilpas Morelos _c/por José Luis Palacios Vidal |
| 260 |
_aChapingo, Méx. : _bEl autor, _c1997. |
||
| 300 |
_a39 h. : _btablas |
||
| 502 | _aTesis (Ing. en Economía Agrícola) -- UACH. Departamento de Economía Agrícola | ||
| 590 |
_aALEPH _b10 _c20130110 _lUCH01 _h1420 |
||
| 590 |
_aBATCH-UPD _b10 _c20130110 _lUCH01 _h0725 |
||
| 590 |
_aBATCH-UPD _b10 _c20130410 _lUCH01 _h0409 |
||
| 590 |
_aBATCH-UPD _b10 _c20130914 _lUCH01 _h1856 |
||
| 590 |
_aCONVERSION _b10 _c20130109 _lUCH01 _h1341 |
||
| 650 | 1 | 4 |
_aPleurotus ostreatus. _989176 |
| 650 | 1 | 4 |
_aSetas _xCostos de producción. _9105372 |
| 650 | 1 | 4 |
_aSetas _xRendimiento. _9105381 |
| 901 | _aBK | ||
| 905 | _aLilia Sánchez G. | ||
| 942 | _cFOLL | ||
| 949 |
_bBC _cTES _d33724000629424 _eTS2 _fc.2 _h31936 _i85110 _si |
||
| 949 |
_bBC _cTES _d851101 _eTS1 _h31935 _i85110 _sb |
||
| 999 |
_c74574 _d74574 |
||